01662nam a2200205 a 4500008004100000020001500041041000800056092001700064100002600081245003400107250006100141260003800202300001100240500007200251505088300323655002101206942001301227999001501240952020101255180528e1999 sp ||||g |||| 00| f spa d a8401012317 aspa c808l81sSTE1 aSteel, Danielle93936 3aEl fantasma /cDanielle Steel a1a ed.bTraducción Matuca Fernández de Villavicencio aBarcelona:bPlaza & Janes;c1999. a285 p. aSteel, D. (1999). El fantasma. (1a ed.). Barcelona : Plaza & Janes. aEn El Fantasma Danielle Steel nos ofrece una nueva historia tan conmovedora como apasionante. La vida de Charles, un prestigioso arquitecto, se desmorona por completo cuando su esposa, de la que está perdidamente enamorado, le abandona por otro hombre. Desesperado, abandona Londres y vuelve a Nueva York. Pero tampoco allí le van bien las cosas y decide pasar una temporada en un pequeño pueblo de Vermont para poner en orden su existencia. Sin embargo, no imagina que una ejemplarizante historia de amor, ocurrida muchos años atrás en una peculiar mansión, le permitirá reorganizar su vida dándole un sentido que ya creía perdido para siempre... El fantasma es una de las mejores novelas de Danielle Steel, la autora más leída del mundo, y su trama romántica, agridulce y a su vez esperanzadora hace las delicias del lector hasta la última página.  aLiteratura92917 2ddccLIT c3282d3282 00102ddc4070aBFMbBFMcCRd2025-07-24eDonación Navarro, Adriana. Julio 2025l0o808 81 STEp5057r2025-07-24tEj. 1w2025-07-24yLITzDonación Navarro, Adriana. Julio 2025. Sede Tordos.f